| 000 | 00656nmc a2200265 a 4500 | ||
|---|---|---|---|
| 003 | AR-BaBNM | ||
| 005 | 20251128210938.0 | ||
| 008 | 221120s1997 ||||||||||||||000 | spa|| | ||
| 020 | _a84-339-2024-3 | ||
| 040 | _cAR-BaBNM | ||
| 100 | 1 | _aFaulkner, William | |
| 245 | 1 | 0 | _aEl oso |
| 250 | _a3ª ed. | ||
| 260 |
_aBarcelona _bAnagrama _c1997 |
||
| 300 | _a151 p. | ||
| 490 | 0 |
_aCompactos _vv. 20 |
|
| 650 | 4 | _aLITERATURA ESTADOUNIDENSE | |
| 650 | 4 | _aLITERATURA CONTEMPORANEA | |
| 653 | _aNARRATIVA | ||
| 655 | _aLITERATURA | ||
| 700 | 1 |
_aForonda, Ana María _etraductor |
|
| 800 | 1 |
_aVivas, Julio _edirector |
|
| 942 | _cBK | ||
| 998 | _cMARTIN | ||
| 999 |
_c17579 _d17579 |
||